000 00669nam a2200277Ia 4500
005 20260324132651.0
008 008 260324s9999 xx 000 0 eng d
020 _a9780203461891
037 _aEBOOK
040 _aCRL
040 _beng
040 _cCRL
041 _2eng
041 _aeng
084 _qCRL
100 _aJoy Pollock; Rody Politt; Elisabeth Waller
_91190162
245 0 _aDay-to-Day Dyslexia in the Classroom
260 _bTaylor and Francis
260 _c2004
365 _a
365 _b87.99
856 _uhttp://www.taylorfrancis.com/books/9780203461891
942 _cEBOOK
999 _c1788466
_d1788466